000 02997nam a2200265 i 4500
003 DO-SdBNP
005 20250313141437.0
007 ta
008 250313t1971 dr 001 0|spa d
040 _aDO-SdBNP
_bspa
_cBNPHU
_erda
082 _a155.3
_bP192d
_222
100 _aPaniagua Rodríguez, Alejandro
_eautor
_4aut.
_987199
245 1 4 _aLos dominicanos :
_b(sexo, otros ensayos) /
_cA. Paniagua
264 _aSanto Domingo :
_bEditora El Médico Dominicano,
_c1971.
300 _a183 páginas
_c21 cm.
336 _atexto
_btxt
_2rdacontent
337 _asin mediación
_bn
_2rdamedia
338 _avolumen
_bnc
_2rdacarrier
504 _aBibliografía p: 180-184.
505 _aPrimera Parte --
_gAPORTE PARA UN ESTUDIO DEL SEXO EN SANTO DOMINGO
_tCiencia de la conducta y modelo de la conducta --
_tAspectos antropológicos --
_tEl incesto --
_tEl mito de superioridad sexual --
_tEl movimiento feminista --
_tEl machismo --
_tEl complejo de Edipo --
_tAspectos clínicos de nuestra sexualidad --
_tHomosexualidad masculina (sodomía) --
_tHomosexualidad femenina (lesbianismo o safismo) --
_tEstados intersexuales (hemafroditismo) --
_tMasturbación (Onanismo) --
_tFrigidez o anafrodisia --
_tLas prostitutas y la frigidez --
_tImpotencia --
_tAlgunos consejo erróneos --
_tEl beso genital /
505 _aSegunda parte --
_gOTROS ENSAYOS --
_tNuestro costumbrismo (revalorización) --
_tPruebas históricas de la presencia del Negro en Santo Domingo --
_tDivisión racial --
_tCensos generales de la República Dominicana --
_tLa mancha ébano en Hispanoamérica --
_tClase, ocupación y correlación etnica en el Perú --
_tOcupación y correlación étnica en la República Dominicana --
_tConflicto de interpretación histórica --
_tLa mente nos pone al descubierto --
_tPrimitivismo y Relajo --
_tLas Trascendencia del vouduísmo --
_tEl trance mediaumnístico o montarse un ser --
_tLos milagros --
_tEl Varón del Cementerio (un trance extático-convulsivo) --
_tLa vida es sueño --
_tLa sugestión --
_tLos fantasmas y apariciones --
_tContribución del Pensamiento Mágico a la Psicopatología de los dominicanos --
_tEl caso Joaquín (Sintomatología Psico-Fisiológica de influencia Voudú) --
_tEl caso Genaro (Neurosis e intimación mágica) --
_tEl caso Antonio (Esquizofrenia e intimación mágica) --
_tEl ataque menor o la simple pérdida del conocimiento --
_tEl ataque mayor (Un síndrome extático-convulsivo con mínima participación volitiva) --
_tLa alfaresía de los niños --
_tExiste Un algo y de esos los médicos no saben nada --
_tEl principio mágico (Recopilación y crítica) --
_t¿Cree usted en la magia? --
_tEl estímulo mágico positivo (Magia blanca: El despojo) --
_tEl estímulo mágico negativo (Magia negra o hechicería) --
_tLa equivocaciones de la magia --
_tLos aciertos de la magia --
_tLo racial en nuestro temperamento --
_tUn caso ilustrativo --
_tPrejuicio racial y otros prejuicios /
590 _aInventariado, 2025/ YL
910 _aYLockward
942 _2ddc
_cLBS1
999 _c58419
_d58419